[Event "TCh-AUT 2nd Bundesliga Ost 2008-9"]
[Site "Austria AUT"]
[Date "2009.02.28"]
[Round "8"]
[White "Pokorna,Reg"]
[Black "Chytilek,R"]
[Result "1/2-1/2"]
[WhiteElo "2376"]
[BlackElo "2394"]

1.e4 c5 2.Nf3 e6 3.d4 cxd4 4.Nxd4 Nc6 5.Nc3 Qc7 6.Be2 a6 7.O-O Nf6 8.Be3 Bb4
9.Na4 Be7 10.Nxc6 bxc6 11.Nb6 Rb8 12.Nxc8 Qxc8 13.Bd4 c5 14.Be5 Rb6 15.b3 Nxe4
16.Bxg7 Rg8 17.Be5 Bf6 18.Bxf6 Rd6 19.Qc1 Nxf6 20.Qf4 Ke7 21.Rad1 Qb8 22.Qe3 Rxd1
23.Rxd1 Qb6 24.c4 Rc8 25.g3 Rc6 26.g4 Rc8 27.g5 Rg8 28.Qf4 Rg6 29.Bd3 Nh5
30.Qh4 Ng7 31.Bxg6 hxg6 32.Qh8 Nf5 33.Qf6+ Ke8 34.Qh8+ Ke7 35.Qf6+ Ke8 36.Qe5 Qc6
37.Qh8+ Ke7 38.Qf6+ Ke8 39.Qh8+ Ke7 40.Qf6+ Ke8 41.Qh8+  1/2-1/2

[Event "25th Open"]
[Site "Cappelle la Grande FRA"]
[Date "2009.02.28"]
[Round "1"]
[White "Karim,I"]
[Black "Salgado Lopez,I"]
[Result "0-1"]
[WhiteElo "2407"]
[BlackElo "2554"]

1.e4 c5 2.Nf3 e6 3.d4 cxd4 4.Nxd4 Nc6 5.Nc3 d6 6.g4 Nge7 7.Nb3 d5 8.Be3 g6
9.Qf3 Bg7 10.exd5 exd5 11.O-O-O O-O 12.Nxd5 Nxd5 13.Qxd5 Qf6 14.Bd4 Qf4+
15.Be3 Qf6 16.Bd4 Nxd4 17.Qxd4 Qf3 18.Qd5 Bxg4 19.Bg2 Qf6 20.Rd4 Rad8  0-1

[Event "Bundesliga 2008-9"]
[Site "Eppingen GER"]
[Date "2009.02.28"]
[Round "12"]
[White "Movsesian,S"]
[Black "Brandenburg,D"]
[Result "1-0"]
[WhiteElo "2732"]
[BlackElo "2436"]

1.e4 c5 2.Nf3 e6 3.Nc3 Nc6 4.d4 cxd4 5.Nxd4 Qc7 6.g3 a6 7.Bg2 Nf6 8.O-O Bc5
9.Nb3 Be7 10.a4 d6 11.a5 Nd7 12.Be3 b5 13.axb6 Nxb6 14.Nd4 Rb8 15.Nxc6 Qxc6
16.e5 Qc7 17.Qg4 g6 18.exd6 Bxd6 19.Bh6 Be5 20.Rfe1 Nc4 21.Rxe5 Nxe5 22.Qf4 Rg8
23.Re1 Rxb2 24.Nd5  1-0

[Event "25th Open"]
[Site "Cappelle la Grande FRA"]
[Date "2009.03.01"]
[Round "2"]
[White "Smirnov,I UKR"]
[Black "Savchenko,S"]
[Result "1-0"]
[WhiteElo "2505"]
[BlackElo "2572"]

1.e4 c5 2.Nf3 e6 3.d4 cxd4 4.Nxd4 Nc6 5.Nc3 a6 6.Be3 Nf6 7.Qd2 Ng4 8.Bg5 Qc7
9.h3 Nge5 10.Nb3 b5 11.O-O-O f6 12.Bf4 Be7 13.Bh2 O-O 14.f4 Nf7 15.g4 Na5
16.Kb1 Nc4 17.Bxc4 Qxc4 18.Qd3 Qc7 19.g5 b4 20.gxf6 Bxf6 21.e5 Be7 22.f5 Nxe5
23.Nd5 Nxd3 24.Nxe7+ Kh8 25.Bxc7 Nf2 26.fxe6 Nxd1 27.Rxd1 dxe6 28.Bd6 Bb7
29.Nc5 Bf3 30.Rf1 Rf6 31.Nd7 Bg2 32.Rg1 Rf1+ 33.Rxf1 Bxf1 34.Ne5 g6 35.h4 a5
36.c4 bxc3 37.bxc3 Kg7 38.c4 Rf8 39.c5 Bg2 40.c6 Be4+ 41.Kb2 Rf2+ 42.Kb3 a4+
43.Ka3 Bxc6 44.N7xc6 Rf4 45.Be7 Re4 46.Nd3 Kf7 47.Ndb4 e5 48.Kxa4 Re2 49.Kb5 e4
50.a4 e3 51.Bc5 Re1 52.Ne5+ Ke6 53.Ned3  1-0

[Event "25th Open"]
[Site "Cappelle la Grande FRA"]
[Date "2009.03.01"]
[Round "2"]
[White "Gopal,G"]
[Black "Burg,T"]
[Result "1-0"]
[WhiteElo "2555"]
[BlackElo "2389"]

1.e4 c5 2.Nf3 e6 3.d4 cxd4 4.Nxd4 Nc6 5.Nc3 Qc7 6.Be2 a6 7.O-O Nf6 8.Be3 Bb4
9.Na4 Be7 10.Nxc6 bxc6 11.Nb6 Rb8 12.Nxc8 Qxc8 13.Bd4 Nxe4 14.Bxg7 Rg8 15.Be5 d6
16.Bg3 f5 17.Bd3 Nxg3 18.fxg3 Qc7 19.Qh5+ Kd7 20.Rae1 Qb6+ 21.Kh1 Qxb2 22.Rxe6 Rbe8
23.Rfe1 Rg6 24.Bxf5 Rxe6 25.Bxe6+ Kd8 26.Qa5+ Qb6 27.Qxb6+  1-0

[Event "TCh-HUN 2008-9"]
[Site "Kazincbarcika HUN"]
[Date "2009.03.01"]
[Round "9"]
[White "Horvath,Ad1"]
[Black "Dovzik,J"]
[Result "0-1"]
[WhiteElo "2514"]
[BlackElo "2374"]

1.e4 c5 2.Nf3 Nc6 3.d4 cxd4 4.Nxd4 e6 5.Nc3 Qc7 6.Be2 Nf6 7.O-O Be7 8.Kh1 O-O
9.f4 d6 10.Be3 a6 11.Qe1 Nxd4 12.Bxd4 b5 13.a3 Bb7 14.Qg3 Rad8 15.Rae1 Rd7
16.Bd3 Re8 17.Nd1 Qd8 18.Nf2 g6 19.Ng4 Nxg4 20.Qxg4 Bf6 21.Bxf6 Qxf6 22.e5 Qg7
23.h4 Red8 24.Re2 Bd5 25.Qg5 Rc8 26.h5 gxh5 27.Qxh5 f5 28.exd6 Rxd6 29.Kh2 Rf8
30.Kg1 Qxb2 31.Re5 Rd7 32.g4 Rg7 33.g5 Qxa3 34.Kh2 Qc5 35.Kg3 Qd4 36.Rd1 Qc3
37.Qe2 Rg6 38.Qe3 Rxg5+ 39.Kf2 Rg2+ 40.Kf1 Rg4  0-1

[Event "TCh Paulista Interclub"]
[Site "Sao Paolo BRA"]
[Date "2009.03.01"]
[Round "4"]
[White "Tsuboi,E"]
[Black "Santos,Marcu"]
[Result "1/2-1/2"]
[WhiteElo "2384"]
[BlackElo "2394"]

1.e4 c5 2.Nf3 e6 3.d4 cxd4 4.Nxd4 Nc6 5.Nc3 Qc7 6.Be3 Nf6 7.f4 Bb4 8.e5 Nd5
9.Nb5 Qa5 10.Bd2 Nxc3 11.bxc3 Bc5 12.Bd3 a6 13.Nd4 Nxd4 14.cxd4 Bb4 15.c4 b5
16.Rb1 Bxd2+ 17.Qxd2 Qxd2+ 18.Kxd2 Bb7  1/2-1/2

[Event "TCh Paulista Interclub"]
[Site "Sao Paolo BRA"]
[Date "2009.03.01"]
[Round "4"]
[White "Van Riemsdijk,V"]
[Black "Vivaldo,F"]
[Result "1/2-1/2"]
[WhiteElo "2201"]
[BlackElo "2138"]

1.e4 c5 2.Nf3 e6 3.Nc3 Nc6 4.d4 cxd4 5.Nxd4 Qc7 6.g3 a6 7.Bg2 d6 8.O-O Bd7
9.Re1 Be7 10.Be3 Nf6 11.Qe2 O-O 12.Rad1 Rac8 13.h3 b5 14.a3 Ne5 15.g4 Nc4
16.Bc1 Nxa3 17.g5 Ne8 18.Nd5 exd5 19.exd5 Nxc2 20.Nxc2 Bd8 21.Nd4 Qc4 22.Qh5 g6
23.Qh6 Ng7 24.Re4 Qxc1 25.Rxc1 Rxc1+ 26.Kh2 Bb6 27.Rh4 Nh5 28.Rxh5 gxh5 29.Be4 f5
30.gxf6 Rf7 31.Bxh7+ Rxh7 32.Qg6+ Kh8 33.Nf5 Rf1 34.Ng7 Rxf2+ 35.Kh1 Rf1+  1/2-1/2

[Event "Bundesliga 2008-9"]
[Site "Tegernsee GER"]
[Date "2009.03.01"]
[Round "13"]
[White "Thesing,M"]
[Black "Gross,Dav GER"]
[Result "1-0"]
[WhiteElo "2403"]
[BlackElo "2485"]

1.e4 c5 2.Nc3 e6 3.Nf3 Nc6 4.d4 cxd4 5.Nxd4 Qc7 6.Be3 Nf6 7.f4 Nxd4 8.Qxd4 Ng4
9.O-O-O a6 10.e5 Nxe3 11.Qxe3 d5 12.exd6 Bxd6 13.Bb5+ Kf8 14.Nd5 Qc5 15.Qxc5 Bxc5
16.Nc7 Ke7 17.Nxa8 axb5 18.Rhe1 Bd7 19.Nc7 Bc6 20.f5 Rd8 21.fxe6 Rxd1+ 22.Rxd1 Bd6
23.Rxd6 Kxd6 24.exf7 Ke7 25.Ne6  1-0

[Event "25th Open"]
[Site "Cappelle la Grande FRA"]
[Date "2009.03.02"]
[Round "3"]
[White "Zinchenko,Ya"]
[Black "Salgado Lopez,I"]
[Result "1-0"]
[WhiteElo "2527"]
[BlackElo "2554"]

1.e4 c5 2.Nf3 e6 3.d4 cxd4 4.Nxd4 Nc6 5.Nc3 d6 6.Be2 Nf6 7.O-O Be7 8.Be3 O-O
9.f4 Bd7 10.Nb3 a5 11.a4 Nb4 12.Bf3 e5 13.Kh1 Qc8 14.Qd2 Be6 15.Rac1 Qc6
16.Rfd1 Rfd8 17.Nd5 Bxd5 18.exd5 Qxa4 19.Bb6 e4 20.Bxd8 Bxd8 21.Be2 Nbxd5
22.Ra1 Qe8 23.Nxa5 e3 24.Qe1 Nxf4 25.Nxb7 Rxa1 26.Rxa1 Bc7 27.Bf3 g5 28.Qc3 Qe7
29.Re1 g4 30.Rxe3 Ne6 31.Bc6 Bb6 32.Re1 d5 33.Qa3 Qxa3 34.bxa3 Nd4 35.Ba4 Ne4
36.g3 Nf5 37.Bb3 Ne3 38.Rxe3 Bxe3 39.Bxd5 Nc3 40.Bb3 Kg7 41.a4 f5 42.Nd6 Kf6
43.a5 Bc5 44.a6 Ke5 45.Nf7+ Kf6 46.Nd8 Nb5 47.Bc4 Na7 48.Ne6 Bd6 49.Kg2 Bb4
50.Nf4 Bc5 51.Be6 Nb5 52.Bd7 Nc7 53.Bc8 Bb6 54.Nd3 Nd5 55.Kh1 Ba7 56.Bb7 Nc3
57.Bc6 Ke6 58.Bb7 Kf6 59.Nb4 Bc5 60.Bc8 Nb5 61.Nd3 Ba7 62.Kg2 Nd4 63.c4 Nb3
64.Nb4 Na5 65.Nd5+ Ke5 66.Nc3 Bb6 67.Nb5 Nc6 68.Bd7 Na7 69.Nc3 h5 70.Nd5 Bd8
71.Nf4 h4 72.Ng6+ Kd6 73.Bxf5 hxg3 74.hxg3 Kc5 75.Bxg4 Kxc4 76.Be2+ Kc5 77.Nf4 Kb6
78.Ne6 Bf6  1-0

[Event "25th Open"]
[Site "Cappelle la Grande FRA"]
[Date "2009.03.03"]
[Round "5"]
[White "Baron,Ta"]
[Black "Vorobiov,E"]
[Result "0-1"]
[WhiteElo "2332"]
[BlackElo "2591"]

1.e4 c5 2.Nf3 e6 3.d4 cxd4 4.Nxd4 Nc6 5.Nc3 Qc7 6.Be2 a6 7.O-O Nf6 8.Be3 Be7
9.f4 d6 10.a4 O-O 11.Kh1 Re8 12.Bf3 Bf8 13.Qd2 Na5 14.b3 Bd7 15.Bf2 Rac8
16.Nde2 Nc6 17.a5 Ne7 18.g4 Bc6 19.g5 Nd7 20.Bg2 d5 21.e5 Nf5 22.Nd4 Nxd4
23.Bxd4 Bb4 24.Rf2 Bxa5 25.Nxd5 Bxd5 26.Qxa5 Bxg2+ 27.Rxg2 Qc6 28.c4 Qf3
29.Qd2 Qxb3 30.f5 Nf8 31.g6 hxg6 32.f6 Qxc4 33.fxg7 Nh7 34.Bb2 Red8  0-1

[Event "25th Open"]
[Site "Cappelle la Grande FRA"]
[Date "2009.03.03"]
[Round "5"]
[White "Brinck Claussen,B"]
[Black "Savchenko,S"]
[Result "0-1"]
[WhiteElo "2297"]
[BlackElo "2572"]

1.e4 c5 2.Nf3 e6 3.d4 cxd4 4.Nxd4 Nc6 5.Nc3 a6 6.Be3 Nf6 7.Bd3 Qc7 8.O-O Nxd4
9.Bxd4 Bc5 10.Bxc5 Qxc5 11.Qe2 d6 12.a4 e5 13.Bc4 Be6 14.Bxe6 fxe6 15.Rad1 O-O
16.Rd2 Rac8 17.g3 Qb4  0-1

[Event "25th Open"]
[Site "Cappelle la Grande FRA"]
[Date "2009.03.04"]
[Round "6"]
[White "Salgado Lopez,I"]
[Black "Genova,Ly"]
[Result "1-0"]
[WhiteElo "2554"]
[BlackElo "2231"]

1.e4 c5 2.Nf3 e6 3.d4 cxd4 4.Nxd4 Nc6 5.Nc3 a6 6.Nxc6 bxc6 7.Bd3 d5 8.O-O Nf6
9.Re1 Be7 10.e5 Nd7 11.Qg4 g6 12.Bh6 Rb8 13.Nd1 Rb4 14.Qe2 Rh4 15.Bd2 Qb6
16.Kh1 g5 17.Rc1 Nc5 18.c4 Nxd3 19.Qxd3 Re4 20.Qf1 Qd4 21.Be3 Qxe5 22.cxd5 Rh4
23.f4 Qxd5 24.fxg5 Bb7 25.Qf2 c5 26.Bxc5 Rf4 27.Qg3 Bd8 28.Be3 Rf5 29.Rc5 Qe4
30.Nf2 Qb4 31.Nd3 Qe4 32.Bg1 Bc7 33.Rxc7  1-0

[Event "25th Open"]
[Site "Cappelle la Grande FRA"]
[Date "2009.03.06"]
[Round "8"]
[White "Pruess,D"]
[Black "Shneider,Alek"]
[Result "0-1"]
[WhiteElo "2422"]
[BlackElo "2539"]

1.e4 c5 2.Nf3 e6 3.d4 cxd4 4.Nxd4 Nc6 5.Nc3 Qc7 6.Be3 a6 7.Qd2 Nf6 8.f3 b5
9.O-O-O Ne5 10.g4 h6 11.Kb1 b4 12.Na4 d5 13.Bf4 Bb7 14.Bg3 Bd6 15.g5 hxg5
16.Qxg5 O-O-O 17.Qe3 dxe4 18.Nb3 Nc6 19.Nb6+ Kb8 20.Be2 Bxg3 21.hxg3 Rxh1
22.Rxh1 Nd4 23.Nxd4 Qxb6 24.Rd1 exf3 25.Nc6+ Qxc6 26.Rxd8+ Kc7 27.Rf8 fxe2
28.Qe5+ Kd7 29.Rh8 Qe4  0-1

[Event "75th Ann Karaganda City"]
[Site "Karaganda KAZ"]
[Date "2009.03.06"]
[Round "8"]
[White "Ismagambetov,An"]
[Black "Filippov,An UZB"]
[Result "1/2-1/2"]
[WhiteElo "2523"]
[BlackElo "2558"]

1.e4 c5 2.Nf3 e6 3.d4 cxd4 4.Nxd4 Nc6 5.Nc3 Qb6 6.Nb3 a6 7.Bf4 Bb4 8.Bd3 Bxc3+
9.bxc3 e5 10.Be3 Qc7 11.c4 Nge7 12.c5 d5 13.cxd6 Qxd6 14.O-O O-O 15.Qh5 Qc7
16.f4 Ng6 17.f5 Nf4 18.Bxf4 exf4 19.Qh4 Ne5 20.Qxf4 f6 21.Kh1 Bd7 22.Nd4  1/2-1/2

[Event "Gipslis Mem GM"]
[Site "Riga LAT"]
[Date "2009.03.06"]
[Round "2"]
[White "Neiksans,A"]
[Black "Matlakov,M"]
[Result "0-1"]
[WhiteElo "2456"]
[BlackElo "2487"]

1.e4 c5 2.Nf3 Nc6 3.d4 cxd4 4.Nxd4 e6 5.Nc3 Qc7 6.Be3 a6 7.Bd3 Nf6 8.O-O Nxd4
9.Bxd4 Bc5 10.Be2 d6 11.Qd2 Bxd4 12.Qxd4 e5 13.Qa4+ Bd7 14.Bb5 Rc8 15.Bxd7+ Qxd7
16.Qb4 Rc5 17.f4 Qc6 18.fxe5 dxe5 19.Rxf6 gxf6 20.Nd5 Rxd5 21.exd5 Qxd5 22.c4 Qd4+
23.Kh1 Qd7 24.Qe1 O-O 25.Qg3+ Kh8 26.Qf3 Qe7 27.Rf1 Rd8 28.g3 Rd6 29.c5 Re6
30.Rd1 e4 31.Qe3 Kg7 32.b4 Re5 33.Rd6 h5 34.Kg2 Rf5 35.Rd4 Qe6 36.a3 Qa2+
37.Rd2 Qc4 38.Re2 Re5 39.Rd2 Qc1 40.Re2 Qxe3 41.Rxe3 f5 42.Kf2 Rd5 43.Ke2 Kf6
44.Rc3 Ke5 45.Ke3 h4 46.a4 hxg3 47.hxg3 Rd8 48.b5 axb5 49.axb5 Rg8 50.Kf2 Rc8
51.Rc1 Rc7 52.b6 Rc6 53.Ra1 Rxc5 54.Ra7 f4 55.gxf4+ Kxf4 56.Rxb7 f5 57.Rc7 Rb5
58.b7 Rb2+ 59.Ke1 Kf3 60.Kd1 e3 61.Kc1 Rb6 62.Kc2 f4 63.Rh7 e2 64.Kd2 Rd6+
65.Kc2 e1=Q 66.Rh3+ Kg4 67.b8=Q Rd2+  0-1

[Event "Tancats de la Societat Coral C"]
[Site "Sabadell ESP"]
[Date "2009.03.06"]
[Round "7"]
[White "Alsina Leal,D"]
[Black "Cruz,Cr"]
[Result "1/2-1/2"]
[WhiteElo "2510"]
[BlackElo "2545"]

1.e4 c5 2.Nf3 Nc6 3.d4 cxd4 4.Nxd4 e6 5.Nc3 Qc7 6.Be3 a6 7.Qd2 Nf6 8.O-O-O Bb4
9.f3 Ne5 10.Nb3 b5 11.Qd4 Nc6 12.Qb6 Qxb6 13.Bxb6 Be7 14.a3 d6 15.Be2 Bb7
16.f4 Rc8 17.Bf3 Nd7 18.Bf2 Kd8 19.Rhe1 Re8 20.Re2 Kc7 21.Kb1 Rcd8 22.a4 b4
23.Nd5+ exd5 24.exd5 Bf6 25.Rxe8 Rxe8 26.dxc6 Bxc6 27.Bxc6 Kxc6 28.Bd4 Re4
29.g3 g6 30.Ka2 Bxd4 31.Nxd4+ Kc5 32.Nb3+ Kc6 33.Nd4+ Kc5 34.Nb3+ Kc6 35.Nd4+ Kc5  1/2-1/2

[Event "TCh-AUT 2nd Bundesliga West 2008-9"]
[Site "Austria AUT"]
[Date "2009.03.07"]
[Round "10"]
[White "Herbrechtsmeier,C"]
[Black "Gross,Dav GER"]
[Result "1-0"]
[WhiteElo "2305"]
[BlackElo "2485"]

1.e4 c5 2.Nf3 e6 3.d4 cxd4 4.Nxd4 Nc6 5.Nc3 Qc7 6.Be3 a6 7.Be2 Nf6 8.O-O Bb4
9.Nxc6 bxc6 10.Qd4 Rb8 11.e5 c5 12.Qc4 Bxc3 13.bxc3 Nd5 14.Bxc5 Rb2 15.Rfc1 Nf4
16.Bf1 f6 17.Bd6 Qxc4 18.Bxc4 Rb6 19.g3 Nh3+ 20.Kg2 Ng5 21.f4 Nf7 22.Rd1 g5
23.Rab1 Rc6 24.Be2 gxf4 25.gxf4 fxe5 26.fxe5 Rg8+ 27.Kh1 Nxd6 28.exd6 Rxc3
29.Bd3 Rg5 30.Rg1 h6 31.Rxg5 hxg5 32.Rf1 Bb7+ 33.Kg1 Rxd3 34.cxd3 Bd5 35.a3 g4
36.Rf4 Bf3 37.Kf2  1-0

[Event "75th Ann Karaganda City"]
[Site "Karaganda KAZ"]
[Date "2009.03.07"]
[Round "9"]
[White "Serikbaev,Y"]
[Black "Ismagambetov,An"]
[Result "0-1"]
[WhiteElo "2325"]
[BlackElo "2523"]

1.e4 c5 2.Nf3 e6 3.d4 cxd4 4.Nxd4 Nc6 5.Nc3 Qc7 6.Be2 a6 7.O-O Nf6 8.Be3 Bb4
9.Nxc6 bxc6 10.Qd4 c5 11.Qd3 Bb7 12.Bf3 O-O 13.e5 Bxf3 14.exf6 Bh5 15.fxg7 Kxg7
16.a3 Ba5 17.Qd2 Kh8 18.Rfe1 d6 19.Bg5 f6 20.Bh6 Rfe8 21.Qf4 Qe7 22.b4 Bd8
23.bxc5 dxc5 24.Rab1 Bg6 25.Qf3 Ra7 26.Rb8 Rd7 27.Qc6 Qd6 28.Qf3 Qxb8  0-1

[Event "TCh-NED 2008-9"]
[Site "Netherlands NED"]
[Date "2009.03.07"]
[Round "6"]
[White "De Vreugt,D"]
[Black "Michielsen,J"]
[Result "1-0"]
[WhiteElo "2427"]
[BlackElo "2316"]

1.e4 c5 2.Nf3 e6 3.d4 cxd4 4.Nxd4 Nc6 5.Nc3 Qc7 6.g3 a6 7.Bg2 d6 8.O-O Bd7
9.a4 Nf6 10.Nb3 b6 11.f4 Rb8 12.g4 h6 13.Qe2 b5 14.axb5 axb5 15.Be3 b4 16.Nb5 Qb7
17.Nxd6+ Bxd6 18.e5 Be7 19.exf6 Bxf6 20.Nc5 Qc8 21.Rfd1 Nd4 22.Rxd4 Bxd4
23.Bxd4 O-O 24.Qe5 f6 25.Qd6  1-0

[Event "TCh-NED 2008-9"]
[Site "Netherlands NED"]
[Date "2009.03.07"]
[Round "6"]
[White "Stellwagen,D"]
[Black "Sprenger,J"]
[Result "1-0"]
[WhiteElo "2616"]
[BlackElo "2511"]

1.e4 c5 2.Nf3 Nc6 3.Nc3 e6 4.d4 cxd4 5.Nxd4 Nf6 6.g3 Qb6 7.Nb3 Be7 8.Bg2 O-O
9.O-O d6 10.Be3 Qc7 11.f4 a6 12.a4 b6 13.g4 Re8 14.g5 Nd7 15.Rf3 Na5 16.Rh3 g6
17.Qe1 Nc4 18.Qh4 Nf8 19.Bd4 Qd8 20.Bf6 h5 21.e5  1-0

[Event "TCh-AUT 2nd Bundesliga Mitte 2008-9"]
[Site "Austria AUT"]
[Date "2009.03.08"]
[Round "8"]
[White "Kotz,H"]
[Black "Gostisa,L"]
[Result "0-1"]
[WhiteElo "2342"]
[BlackElo "2422"]

1.e4 c5 2.Nf3 e6 3.d4 cxd4 4.Nxd4 Nc6 5.Nc3 Qc7 6.g3 a6 7.Bg2 Nf6 8.O-O Be7
9.Re1 Nxd4 10.Qxd4 Bc5 11.Qd1 d6 12.Be3 e5 13.Bxc5 Qxc5 14.Na4 Qc6 15.c4 Bg4
16.Qb3 Nd7 17.Qb4 Nc5 18.Nxc5 dxc5 19.Qc3 f6 20.f4 Qc7 21.Bf3 Be6 22.Qe3 Rd8
23.Bh5+ g6 24.f5 Bxf5 25.exf5 gxh5 26.Qh6 Qf7 27.Rad1 Ke7 28.Rd5 Rxd5 29.cxd5 Rd8
30.Rd1 Rxd5 31.Rxd5 Qxd5 32.Qxh5 Qd4+ 33.Kf1 Qc4+ 34.Kg2 Qxa2 35.Qxh7+ Qf7
36.Qh8 Qd5+ 37.Kh3 c4 38.Qc8 Qc6 39.Qg8 Kd6 40.Qf8+ Kd5 41.g4 Ke4 42.Kg3 Ke3
43.Qa3+ Ke2 44.Kh4 e4 45.g5 e3 46.Qe7 fxg5+ 47.Qxg5 Qe4+ 48.Qg4+ Kd3  0-1

[Event "TCh-BEL 2008-9"]
[Site "Belgium BEL"]
[Date "2009.03.08"]
[Round "10"]
[White "Smits,Mar"]
[Black "Willemze,T"]
[Result "1/2-1/2"]
[WhiteElo "2301"]
[BlackElo "2417"]

1.e4 c5 2.Nf3 e6 3.d4 cxd4 4.Nxd4 Nc6 5.Nc3 Qc7 6.Nxc6 bxc6 7.Bd3 Nf6 8.O-O Be7
9.Re1 e5 10.Na4 O-O 11.c4 Rd8 12.Qc2 d6 13.b3 Nd7 14.c5 Nxc5 15.Nxc5 dxc5
16.Be3 a5 17.Red1 a4 18.Bc4 Rxd1+ 19.Rxd1 axb3 20.Bxb3 Qb6 21.Qc3 Qc7 22.Bxc5 Bxc5
23.Qxc5 Be6 24.Bxe6 fxe6 25.Qc4 Qe7 26.g3 h6 27.a4 c5 28.Ra1 Ra5 29.Rb1 Qd7
30.Rb5 Rxb5 31.Qxb5 Qd1+ 32.Kg2 Qd4 33.Qc6 c4 34.a5 Kh7 35.a6 c3 36.Kh3 Qa7
37.Qxc3 Qxa6 38.Qxe5 Qf1+ 39.Kg4 Qxf2 40.Qxe6 Qxh2 41.Qf5+ Kg8 42.e5 Qh1
43.Qd3 Qc6 44.Qb3+  1/2-1/2

[Event "10th EICC w"]
[Site "St Petersburg RUS"]
[Date "2009.03.08"]
[Round "1"]
[White "Bulmaga,I"]
[Black "Bakalarz,G"]
[Result "1-0"]
[WhiteElo "2300"]
[BlackElo "2024"]

1.e4 c5 2.Nf3 e6 3.d4 cxd4 4.Nxd4 Nc6 5.Nc3 Nf6 6.Ndb5 Bb4 7.a3 Bxc3+ 8.Nxc3 d5
9.Bd3 dxe4 10.Nxe4 Nxe4 11.Bxe4 Qxd1+ 12.Kxd1 O-O 13.Bd2 e5 14.Re1 Nd4 15.Kc1 Be6
16.Bc3 Rab8 17.Bd3 Rfd8 18.Bxd4 exd4 19.Kd2 Rbc8 20.Re5 b6 21.Rae1 Rc7 22.Bf5 Rf8
23.Bxe6 fxe6 24.R1e2 Rfc8 25.Kd3 Kf7 26.Rxe6 Rxc2 27.Re7+ Kf6 28.Rxc2 Rxc2
29.Kxc2 Kxe7 30.Kd3  1-0

[Event "10th EICC w"]
[Site "St Petersburg RUS"]
[Date "2009.03.08"]
[Round "1"]
[White "Lomako,A"]
[Black "Tskhadadze,A"]
[Result "1-0"]
[WhiteElo "2277"]
[BlackElo "1821"]

1.e4 c5 2.Nc3 e6 3.Nf3 Nc6 4.d4 cxd4 5.Nxd4 a6 6.g3 d6 7.Bg2 Nf6 8.O-O Be7
9.Nxc6 bxc6 10.e5 Nd5 11.exd6 Qxd6 12.Ne4 Qc7 13.c4 Nf6 14.Bg5 Nxe4 15.Bxe7 Qxe7
16.Bxe4 Qc5 17.b4 Qb6 18.Qd6 Bd7 19.Rfd1 Rd8 20.b5 axb5 21.cxb5 Qxb5 22.Rab1 Qa6
23.Rb8 Rxb8 24.Qxd7+ Kf8 25.Qd6+  1-0

[Event "10th EICC"]
[Site "Budva MNE"]
[Date "2009.03.09"]
[Round "4"]
[White "Kreisl,R"]
[Black "Hera,I"]
[Result "1/2-1/2"]
[WhiteElo "2394"]
[BlackElo "2527"]

1.e4 c5 2.Nf3 e6 3.d4 cxd4 4.Nxd4 Nc6 5.Nc3 Qc7 6.Be3 Nf6 7.f4 Bb4 8.Nb5 Qa5
9.e5 Nd5 10.Bd2 Nxc3 11.bxc3 Bc5 12.Rb1 O-O 13.c4 Qd8 14.Bd3 Qh4+ 15.g3 Qh3
16.Bf1 Qf5 17.Bd3 Qh3 18.Bf1 Qf5 19.Bd3  1/2-1/2

[Event "FIDE Women's Grand Prix"]
[Site "Instanbul TUR"]
[Date "2009.03.09"]
[Round "3"]
[White "Fierro Baquero,M"]
[Black "Cramling,P"]
[Result "1-0"]
[WhiteElo "2403"]
[BlackElo "2548"]

1.e4 c5 2.Nf3 e6 3.d4 cxd4 4.Nxd4 Nc6 5.Nc3 Qc7 6.Be3 a6 7.Qd2 Nf6 8.f3 h5
9.O-O-O Be7 10.Qf2 d6 11.h3 b5 12.Nxc6 Qxc6 13.Bd3 h4 14.Kb1 b4 15.Ne2 e5
16.Bg5 a5 17.Bxh4 Be6 18.Bxf6 Bxf6 19.f4 a4 20.f5 Bd7 21.g4 Bh4 22.Qe3 f6
23.Qd2 Rb8 24.Ng1 Bg5 25.Qe2 a3 26.Nf3 Bf4 27.Bc4 axb2 28.Qd3 Ke7 29.h4 Rbc8
30.Bb3 Qc5 31.Rhe1 Bb5 32.Qd5 Qxd5 33.Rxd5 Bc6 34.Ra5 Rc7 35.Kxb2 Rhc8 36.Re2 Be8
37.Ne1 Bg3 38.Nd3 Rb8 39.h5 Bb5 40.Rg2 Bxd3 41.cxd3 Bf4 42.Bc4 Be3 43.Kb3 Rcb7
44.Ra4 Kd8 45.Rc2 Bc5 46.Rg2 Be3 47.Bd5 Rb5 48.Ra6 Rc5 49.Bc4 Kd7 50.Rc2 Kc7
51.Ra7+ Rb7 52.Ra4 Rc6 53.Rxb4 Rxb4+ 54.Kxb4 Kb6 55.a4 Bc5+ 56.Kb3 Be3 57.Re2 Bd4
58.Rc2 Be3 59.Rh2 Ka5 60.Rh1 Rc7 61.Rh3 Bg5 62.Bb5 Bf4 63.Rh1 Be3 64.Rh2 Bf4
65.Rb2 Bc1 66.Rc2 Rc5 67.Rxc5 dxc5 68.Kc4 Be3 69.Kd5 Kb6 70.Ke6 Ka5 71.Kf7 Bh6
72.Kg6 Kb6 73.Bd7 Kc7 74.Be6  1-0

[Event "10th EICC w"]
[Site "St Petersburg RUS"]
[Date "2009.03.09"]
[Round "2"]
[White "Arakhamia,K"]
[Black "Wagener,A"]
[Result "1-0"]
[WhiteElo "2500"]
[BlackElo "2255"]

1.e4 c5 2.Nf3 e6 3.d4 cxd4 4.Nxd4 Nc6 5.Nc3 Qc7 6.Be3 a6 7.Qd2 Nf6 8.f3 Bb4
9.g4 h6 10.O-O-O Ne5 11.h4 d5 12.Bf4 Bd7 13.Qh2 Bd6 14.Kb1 O-O-O 15.exd5 exd5
16.Bd3 Nc4 17.Bxd6 Nxd6 18.Rhe1 Bc6 19.Nf5 Nde8 20.Qxc7+ Kxc7 21.Re7+ Rd7
22.Rde1 g6 23.Nd4 Nd6 24.g5 hxg5 25.hxg5 Rxe7 26.Rxe7+ Nd7 27.Re1 Rh5 28.f4 Rh4
29.Nce2 Nc5 30.Nf3 Rh7 31.Ned4 Nce4 32.b3 Bd7 33.Kb2 Rh3 34.c4 Bc6 35.Bf1 Rg3
36.Ne5 dxc4 37.bxc4 Bd7 38.Bd3 Nc5 39.Bc2 Bf5 40.Bxf5 gxf5 41.Kc2 Rg2+ 42.Re2 Rxe2+
43.Nxe2 Kd8 44.Kc3 Ne6 45.Kb4 Ke7 46.c5 a5+ 47.Kxa5 Nxc5 48.Kb6 Ne6 49.Nd3 Kd8
50.Nc3 Kc8 51.Nd5 Nc4+ 52.Ka7 Nd6 53.Ne5 Kd8 54.Kb6 Kc8 55.a4 Kd8 56.Nd3 Kc8
57.Ka7 Nd4 58.Kb6 Nc6 59.Kc5 Ne4+ 60.Kb5 Nd6+ 61.Kb6 Nc4+ 62.Kc5 Nd2 63.Ne3 Ne4+
64.Kb6 Nd6 65.a5 Ne7 66.Nc5 Kb8 67.Nd7+ Kc8 68.Nf6 Kd8 69.Nfd5 Nec8+ 70.Kc5 Kd7
71.Nb6+ Nxb6 72.Kxb6 Kc8 73.Kc5 Kd7 74.Kd5 Kc7 75.Nc2 Kd7 76.Nd4 Ke7 77.Nc2 Kd7
78.Ne3 Ke7 79.Ke5 Kd7 80.Kf6 Ke8 81.Nxf5 Nc4 82.Nh6 Nd6 83.Ng4 Kf8 84.Ne3 Ne4+
85.Ke5 Nc5 86.Kd6 Nb3 87.Nc4 Kg7 88.f5 Nd4 89.Ke5 Nc6+ 90.Ke4 Kf8 91.Kd5 Ne7+
92.Ke5 Nc6+ 93.Kf6 Nb8 94.Ne5  1-0

[Event "10th EICC"]
[Site "Budva MNE"]
[Date "2009.03.10"]
[Round "5"]
[White "Savanovic,A"]
[Black "Djurovic,G"]
[Result "1-0"]
[WhiteElo "2428"]
[BlackElo "2279"]

1.e4 c5 2.Nf3 e6 3.d4 cxd4 4.Nxd4 Nc6 5.Nc3 Qc7 6.Be2 Nf6 7.O-O a6 8.Kh1 Be7
9.f4 d6 10.Be3 O-O 11.a4 Bd7 12.Nb3 b6 13.Bf3 Rab8 14.g4 Bc8 15.g5 Nd7 16.Bg2 Re8
17.Qg4 Bf8 18.Qh4 g6 19.Rf3 Bg7 20.Raf1 Nf8 21.f5 Ne5 22.Rf4 Nfd7 23.Qh3 exf5
24.exf5 gxf5 25.Nd4 Ng4 26.Nd5 Rxe3 27.Nxe3 Bxd4 28.Rxd4 Nde5 29.c3 f4 30.Nd5 Qd8
31.Qh5 Ng6 32.h3 N4e5 33.Qh6 Kh8 34.Nf6 Nf8 35.Rdxf4 Ne6 36.Ne8 Qxe8 37.Rxf7 Qxf7
38.Rxf7  1-0

[Event "10th EICC"]
[Site "Budva MNE"]
[Date "2009.03.10"]
[Round "5"]
[White "Nikac,P"]
[Black "Jovanic,O"]
[Result "0-1"]
[WhiteElo "2395"]
[BlackElo "2527"]

1.e4 c5 2.Nf3 e6 3.d4 cxd4 4.Nxd4 Nc6 5.Nc3 Qc7 6.Be2 Nf6 7.O-O a6 8.Kh1 Bb4
9.Nxc6 bxc6 10.Qd4 c5 11.Qe3 d6 12.Qg3 O-O 13.Bh6 Ne8 14.Rad1 Bb7 15.f3 Bxc3
16.bxc3 Bc6 17.c4 f6 18.Bd2 Rf7 19.Bd3 e5 20.f4 Rb8 21.Rb1 Rxb1 22.Rxb1 Qc8
23.f5 Rb7 24.Ra1 Nc7 25.h4 Be8 26.a4 Qb8 27.a5 Rb1+ 28.Rxb1 Qxb1+ 29.Kh2 Bh5
30.Qe1 Qxe1 31.Bxe1 Bd1 32.Kh3 h5 33.Kg3 Ne8 34.Kf2 g6 35.fxg6 Kg7 36.Ke3 Kxg6
37.Kd2 Bg4 38.Ke3 Ng7 39.Bd2 Ne6 40.Bc3 Nd8 41.Be1 Nc6 42.Bc3 Nd8 43.Be1 Ne6
44.Bc3 Nf4 45.g3 Ne6 46.Be1 Nd8 47.Bd2 Nc6 48.Bc3 Kf7 49.Be1 Ke6 50.Bc3 Ne7
51.Be1 Ng6 52.Bd2 Nf8 53.Kf2 Nd7 54.Ke3 Ke7 55.Kf2 Nf8 56.Ke3 Ne6 57.Bc3 Kf7
58.Kf2 Kg6 59.Ke3 Nf8 60.Be1 Bc8 61.Bd2 Ne6 62.Bc3 Nd8 63.Be1 Nf7 64.Bc3 Nh6
65.Be2 f5 66.Be1 Be6 67.Bf2 fxe4 68.Kxe4 Ng8 69.Kd3 Bf5+ 70.Kd2 Ne7 71.Be1 Nc6
72.Ke3 Nd4 73.c3 Nb3 74.Bf3 Nxa5 75.Bd5 Kf6 76.Kd2 Be6 77.Kd3 Bxd5 78.cxd5 Kf5
79.Bd2 Kg4 80.c4 Nb3 81.Bg5 Nd4  0-1

[Event "10th EICC"]
[Site "Budva MNE"]
[Date "2009.03.10"]
[Round "5"]
[White "Kapnisis,S"]
[Black "Macieja,B"]
[Result "1/2-1/2"]
[WhiteElo "2441"]
[BlackElo "2607"]

1.e4 c5 2.Nf3 e6 3.d4 cxd4 4.Nxd4 Nc6 5.Nc3 Qc7 6.Be3 a6 7.f4 Nxd4 8.Qxd4 b5
9.Be2 Bb7 10.Bf3 Rc8 11.O-O h5 12.a4 b4 13.Na2 Qc4 14.c3 bxc3 15.Nxc3 Qxd4
16.Bxd4 Ne7 17.Rfd1 Nc6 18.e5 Nxd4 19.Bxb7 Rb8 20.Bxa6 Bc5 21.Kh1 O-O 22.Bb5 Ba7
23.Rd3 f6 24.exf6 Rxf6 25.g3 d5 26.Rad1 Nc2 27.R3d2 Ne3 28.Re1 h4 29.gxh4 Kf7
30.Nd1 Nf5 31.Nf2 Nd4 32.Ng4 Rxf4 33.Ne5+ Kg8 34.Nc6 Nxc6 35.Bxc6 Kf7 36.Bd7 Rf6
37.Rde2 Rb6 38.a5 Rd6 39.Bb5 Rf3 40.Rc2 Bd4 41.a6 Kg8 42.Rc7 Rf7 43.Rec1 Rd8
44.Rxf7 Kxf7 45.Rc7+ Kf6 46.Bc6 Rd6 47.b4 Bb6 48.Rc8 d4 49.Bf3 d3 50.b5 d2
51.Bd1 Rd5 52.Rc2 Rxb5 53.Rxd2 Rd5  1/2-1/2